000 00472nam a22001817a 4500
005 20260423153630.0
008 260423b |||||||| |||| 00| 0 eng d
020 _a9788123900124
_c525.00
040 _aMAIN
041 _aEnglish
082 _a555.5
_bKRI
100 _a Krishnan, Maharajapuram Sitaram
_918063
245 _aGeology of India and Burma
260 _aDelhi
_bCBS Publishers
_c2020
300 _a536
650 _aGeology (PM USHA)
_926712
942 _cBK
999 _c60711
_d60711